书目信息 |
| 题名: |
全国城镇职工医疗保险改革工作指南
|
|
| 作者: | 劳动和社会保障部医疗保险司 编 | |
| 分册: | ||
| 出版信息: | 北京 中国劳动出版社 1999.02 |
|
| 页数: | 166页 | |
| 开本: | 32开 | |
| 丛书名: | ||
| 单 册: | ||
| 中图分类: | F842.4 | |
| 科图分类: | ||
| 主题词: | 保险 | |
| 电子资源: | ||
| ISBN: | 7-5045-2272-4 | |
| 000 | 00678nam0 2200193 45 | |
| 001 | 0009290893 | |
| 005 | 20000929084309.8 | |
| 010 | @a7-5045-2272-4@d10.00元 | |
| 100 | @a20000929d1999 km y0chiy0120 ea | |
| 101 | 0 | @achi |
| 105 | @a z 000yy | |
| 200 | 1 | @a全国城镇职工医疗保险改革工作指南@AQuan Guo Cheng Zhen Zhi Gong Yi Liao Bao Xian Gai GeGong Zuo Zhi Nan@f劳动和社会保障部医疗保险司编@FLao Dong He She Hui Bao Zhang Bu Yi Liao Bao Xian SiBian |
| 210 | @a北京@c中国劳动出版社@d1999.02 | |
| 215 | @a166页@d32开 | |
| 606 | 0 | @a保险 |
| 690 | @aF842.4@v3 | |
| 701 | 0 | @a劳动和社会保障部医疗保险司@4编 |
| 801 | @aCN@bPftUser@c20000929 | |
| 905 | @b158183-185@dF842.4@eL:290@f3 | |
| 全国城镇职工医疗保险改革工作指南/劳动和社会保障部医疗保险司编.-北京:中国劳动出版社,1999.02 |
| 166页;32开 |
| ISBN 7-5045-2272-4:10.00元 |
| ● |
| 相关链接 |
|
|
|
正题名:全国城镇职工医疗保险改革工作指南
索取号:F842.4/L:290
 
预约/预借
| 序号 | 登录号 | 条形码 | 馆藏地/架位号 | 状态 | 备注 |
| 1 | 158183 | 201581831 | 社科库409/409社科库 55排3列5层/ [索取号:F842.4/L:290] | 在馆 | |
| 2 | 158184 | 201581840 | 社科库409/409社科库 55排3列5层/ [索取号:F842.4/L:290] | 在馆 | |
| 3 | 158185 | 201581859 | 社科库409/409社科库 55排3列5层/ [索取号:F842.4/L:290] | 在馆 |